| 000 | 00604nam a2200205Ia 4500 | ||
|---|---|---|---|
| 001 | 1587 | ||
| 003 | GE_BSU | ||
| 008 | 181216s||||||||xx |||||||||||||| ||und|| | ||
| 040 | _cGE_BSU | ||
| 080 | _a378(061) | ||
| 245 | _aსაქართველოს ტექნიკური უნივერსიტეტი შრომები. N-3 (419). | ||
| 245 | _bშრომები | ||
| 260 | _aთბ. | ||
| 260 | _bსაქ. ტექნიკ. უნ-ტი. | ||
| 260 | _c1998. | ||
| 300 | _a237გვ;23სმ. | ||
| 541 | _h8 ლ. | ||
| 653 | _aშრომები. | ||
| 942 | _cBK | ||
| 999 |
_c35714 _d35714 |
||